000 00545nam a2200181Ia 4500
001 9339
005 20260306161711.0
008 260306t2020||||xx |||||||||||||| ||spa||
041 _aESP
082 _a378.103
_bF34
110 _aFederación Internacional de Universidades Católicas
245 0 _aMarco de referencia para la evaluación de la responsabilidad social de las universidades :
_bde la teoría a la práctica
260 _c2020
300 _a73 páginas :
_c21 cm.
650 _aGEN
654 _aCED
942 _cLIB
_dJUS
_fJUS
_2ddc
_n
999 _c9339
_d9339